Italian brainrot - Statistics

General Stats
  • This quiz has been taken 28,218 times
  • The average score is 5 of 16
Answer Stats
Picture Answer % Correct
Tralalero Tralala
84%
brr brr patapim
78%
tung tung tung sahur
62%
lirili larila
45%
trippi troppi
45%
boneca ambalabu
43%
bombardilo crocodilo
37%
bombombini gusini
30%
la vaca saturno saturnita
24%
trulimero trulicina
19%
cocofanto elephanto
18%
bobrito bandito
16%
odin din din din dun
5%
frulli fralla
3%
burbaloni lurilori
2%
Giraffa celeste viaggio agreste
2%
No matching quizzes found
Score Distribution
Percent of People with Each Score
Percentile by Number Answered
Your Score History
You have not taken this quiz